[Event "VIE-ch U17 Girls"]
[Site "Ho Chi Minh City"]
[Date "2014.07.17"]
[Round "7"]
[White "Pham Thi Phuong, Thao"]
[Black "Le, Thi Kim Ngan"]
[Result "1/2-1/2"]
[WhiteElo "1950"]
[BlackElo "1596"]
[PlyCount "84"]
[EventDate "2014.07.13"]
[EventType "swiss"]
[EventRounds "9"]
[EventCountry "VIE"]
[SourceTitle "EXT 2016"]
[Source "ChessBase"]
[SourceDate "2015.10.08"]
[SourceVersion "1"]
[SourceVersionDate "2015.10.08"]
[SourceQuality "1"]

1. e4 c6 2. Nc3 d5 3. d4 dxe4 4. Nxe4 Bf5 5. Nc3 Nf6 6. Nf3 e6 7. Bd3 Bg6 8. 0-0 Bd6 9. Bg5 Nbd7 10. Ne2 0-0 11. c4 b6 12. Rc1 Qc7 13. h3 Rac8 14. b3 Rfe8 15. Bxg6 hxg6 16. Qd3 Nh7 17. Bh4 e5 18. dxe5 Nxe5 19. Nxe5 Bxe5 20. Bg3 Rcd8 21. Qc2 Nf6 22. Rfd1 Qe7 23. Rxd8 Rxd8 24. Rd1 Re8 25. Bxe5 Qxe5 26. Ng3 Qa5 27. Qd2 Qa3 28. Rc1 Kh7 29. Rc2 Qc5 30. Qf4 Qe7 31. Qf3 Qe1+ 32. Kh2 Qb1 33. Rd2 Re1 34. Qxc6 Qc1 35. Qd6 Qc3 36. Qd4 Qa5 37. Rd1 Rxd1 38. Qxd1 Qxa2 39. f3 Qb2 40. Kg1 Qe5 41. Kf2 a5 42. Qe2 Qf4 1/2-1/2

[Event "VIE-ch U17 Girls"]
[Site "Da Lat"]
[Date "2013.07.??"]
[Round "5"]
[White "Pham Thi Phuong, Thao"]
[Black "Tran Nguyen Bao, Tran"]
[Result "0-1"]
[WhiteElo "1986"]
[BlackElo "1577"]
[PlyCount "108"]
[EventDate "2013.07.13"]
[EventType "swiss"]
[EventRounds "9"]
[EventCountry "VIE"]
[SourceTitle "EXT 2014"]
[Source "ChessBase"]
[SourceDate "2013.11.20"]
[SourceVersion "1"]
[SourceVersionDate "2013.11.20"]
[SourceQuality "1"]

1. e4 d5 2. exd5 Qxd5 3. Nc3 Qa5 4. d4 Nf6 5. Nf3 c6 6. Bd2 Bf5 7. Bc4 Nbd7 8. 0-0 e6 9. Ne2 Qc7 10. Bf4 Bd6 11. Bxd6 Qxd6 12. Ng3 Bg4 13. c3 0-0 14. h3 Bxf3 15. Qxf3 Rfe8 16. Ne4 Nxe4 17. Qxe4 Nf6 18. Qe5 Qxe5 19. dxe5 Nd7 20. f4 Nb6 21. Bb3 Rad8 22. Rad1 Nd5 23. Bxd5 exd5 24. Rd3 f6 25. Re1 fxe5 26. Rxe5 Rxe5 27. fxe5 Kf7 28. Rf3+ Ke6 29. Kf2 Rd7 30. Re3 Rf7+ 31. Ke2 Rf5 32. Kd3 Rxe5 33. Rf3 Rf5 34. Re3+ Kd7 35. Re2 h6 36. Kd4 b6 37. Rd2 Kd6 38. Ke3 Re5+ 39. Kf4 h5 40. g4 g5+ 41. Kf3 h4 42. Rd3 Re4 43. Rd4 Ke5 44. Rd3 c5 45. b3 Re1 46. Rd2 d4 47. cxd4+ cxd4 48. Rd3 Rf1+ 49. Ke2 Ke4 50. b4 Re1+ 51. Kxe1 Kxd3 52. Kd1 Kc3 53. a3 b5 54. Kc1 d3 0-1